| 000 | 00966nam a2200265Ia 4500 | ||
|---|---|---|---|
| 003 | OSt | ||
| 005 | 20221005062301.0 | ||
| 006 | a|||||r|||| 00| 0 | ||
| 007 | ta | ||
| 008 | 221004b |||||||| |||| 00| 0 eng d | ||
| 020 |
_a9780415544085 (hbk) _c5467.69 |
||
| 024 | _a98188 | ||
| 037 |
_b8930, 29/10/2009, Elite Publishers Distributors _cTextual |
||
| 040 |
_aCRL _cCRL _beng |
||
| 041 |
_2eng _aeng |
||
| 082 | _aV1N4:19614.P1, Q0 (906) | ||
| 100 |
_aPiiparinen Touko _9601634 |
||
| 245 | 0 |
_aTransformation of UN conflict management _b Producing images of genocide from Rwanda to Darfur and beyond |
|
| 260 |
_aLondon _bRoutledge UK _c2010 |
||
| 300 |
_axii, 227p. _ccm. |
||
| 490 | _aRoutledge research on international organisations | ||
| 650 | _aAFRICA - HISTORY | ||
| 942 |
_hV1N4:19614.P1, Q0 (906) _cTEXL _2cc |
||
| 999 |
_c969448 _d969448 |
||